Statistics for All English Teams to play in the Champions League

Click here to take the quiz!

General Stats

  • This quiz has been taken 187 times
  • The average score is 12 of 16

Answer Stats

Best Finish Club % Correct
WinnersManchester United
100%
WinnersLiverpool
99%
WinnersChelsea
99%
Runner-UpArsenal
98%
First RoundManchester City
95%
Semi-FinalsTottenham Hotspur
94%
WinnersNottingham Forest
90%
Quarter-FinalsEverton
89%
Runner-UpLeeds United
88%
Second Group StageNewcastle United
83%
WinnersAston Villa
82%
Group StageBlackburn Rovers
67%
Quarter-FinalsWolverhampton Wanderers
45%
Semi-FinalsDerby County
45%
First RoundIpswich Town
39%
Quarter-FinalsBurnley
31%

Score Distribution

Percentile by Number Answered

Percent of People with Each Score

Your Score History

You have not taken this quiz